| 000 | 00929nam a2200277 a 4500 | ||
|---|---|---|---|
| 001 | 000033142 | ||
| 003 | DO-SdBNP | ||
| 005 | 20251112113524.0 | ||
| 007 | ta | ||
| 008 | 110818s1978 dr a 000 0 spa d | ||
| 040 |
_aDO-SdBNP _bspa _cBNPHU |
||
| 049 | _aBNPD | ||
| 082 | 4 |
_a972.93 _bD325i _222 |
|
| 100 | 1 |
_aDeive, Carlos Esteban, _d1935-2019 _91916 |
|
| 245 | 1 | 3 |
_aEl índio, el negro y la vida tradicional dominicana / _cCarlos Estaban Deive. |
| 260 |
_aSanto Domingo : _bCultural Dominicana, _c1978. |
||
| 300 |
_a270 p. ; _c21 cm. |
||
| 490 | 1 |
_aInvestigaciones antropológicas _v10 |
|
| 500 | _aIncluye referencias bibliográficas y notas al pie de las páginas | ||
| 590 | _aInventariado, 2022/BT | ||
| 650 | 4 |
_aEtinología _zRepública Dominicana _958802 |
|
| 650 | 0 |
_aIndios _958803 |
|
| 710 | 2 |
_aMuseo del Hombre Dominicano _931265 |
|
| 830 | 0 |
_aInvestigaciones antropológicas _n10 _958804 |
|
| 942 |
_2ddc _cLBS1 |
||
| 999 |
_c32633 _d32633 |
||